000 01322nam a2200289 i 4500
001 135647
003 ES-MaACL
005 20250407174813.0
007 t|
008 070720n1944 sp ||||1| spa d
100 1 _aTorrejón y Boneta, Angel de.
_9110812
245 1 0 _aMapa Agronómico Nacional... Hoja nº 630. Yepes. Memoria /
_cAngel de Torrejón y Boneta.
260 _aMadrid :
_b[s.n.],
_c[1944?]
300 _a120 p., 9 lám. 4 gráf.. pleg., 2 map. sueltos nº 630 ;
_c24 cm.
500 _aEn el n. 4.
500 _aPrecede al tít.: Ministerio de Agricultura. Consejo Agronómico.
505 1 _aContiene:
_tYepes: Mapa Agronómico Nacional de España. Zona de Suelos. 630
_tYepes: Mapa Agronómico Nacional de España. Masas de Cultivo y forestales. 630
510 _aCCPB,
_c001207578-7
710 1 _aEspaña.
_bMinisterio de Agricultura.
_93837
852 _aES-MaACL
_jD-6590
_bR.30927
_bR.M.6180
_9140552
_cSVI
_fSello en tinta azul de la Biblioteca del Ateneo de Madrid
852 _aES-MaACL
_jMAP-ARG/4-1
_bR.30927
_9204660
_cPLANERO
852 _aES-MaACL
_jMAP-ARG/4-2
_bR.30927
_920461
_cPLANERO
942 _2udc
_cMONOGRAFIA
999 _c135647
_d135647